banner-ar

MODERN POWER PLANT ENGINEERING / (Record no. 20535)

MARC details
000 -الفاتح
حقل البيانات ثابتة الطول 00684nam a2200253Ia 4500
005 - وقت وتاريخ اخر تعامل مع التسجيلة
رقم الضبط 20240530100744.0
008 - عناصر البيانات ثابتة الطول - معلومات عامة
حقل البيانات ثابتة الطول 140319s9999 xx 000 0 eng d
040 ## - مصدر الفهرسة
وكالة الفهرسة الأصلية GCL /
وكالة النسخ GCL
082 04 - رقم تصنيف ديوى العشرى
رقم التصنيف 621.3121
رقم المادة B M
100 1# - المدخل الرئيسى - إسم شخصى
الإسم الشخصى BALASUBRAHMANYAM, J
245 10 - بيان العنوان
العنوان MODERN POWER PLANT ENGINEERING /
بيان المسئوليه,etc BALASUBRAHMANYAM, J
260 ## - PUBLICATION, DISTRIBUTION, ETC. (IMPRINT)
تاريخ النشر أو التوزيع 1987
300 ## - الوصف المادى
التعداد 986 P ;
أبعاد الوعاء 16 cm
650 04 - المدخل الاضافى بالموضوع-مصطلح موضوعى
مصطلح موضوعي التحليل الرياضى
650 04 - المدخل الاضافى بالموضوع-مصطلح موضوعى
مصطلح موضوعي TURBINES
650 04 - المدخل الاضافى بالموضوع-مصطلح موضوعى
مصطلح موضوعي ELECTRIC ENGINEERING
650 04 - المدخل الاضافى بالموضوع-مصطلح موضوعى
مصطلح موضوعي STEAM POWER
650 04 - المدخل الاضافى بالموضوع-مصطلح موضوعى
مصطلح موضوعي HEAT TRANSFER
650 04 - المدخل الاضافى بالموضوع-مصطلح موضوعى
مصطلح موضوعي VALVES
650 04 - المدخل الاضافى بالموضوع-مصطلح موضوعى
مصطلح موضوعي POWER MECHANICS
700 1# - المدخل الاضافى - اسم شخصى
الإسم الشخصى JAIN, R.K
الدور DIRECTOR
942 ## - عناصر المدخل الإضافي( كوها)
مصدر التصنيف او مخطط الترفيف Dewey Decimal Classification
Koha [default] item type كتاب
260 ## - PUBLICATION, DISTRIBUTION, ETC. (IMPRINT)
-- delhi :
-- KHANNA PUBLISHERS ،
Holdings
حالة التراجع حالة الفقد حالة تلف ليس للاعارة المكان المؤقت الموقع الحالى تاريخ الاكتساب اجمالي اﻻعارات رقم الطلب الباركود تاريخ اخر مشاهدة تاريخ تفعيل السعر نوع وعاء كوها
        مكتبة القاهرة الكبرى مكتبة القاهرة الكبرى 03/26/2014   621.3121\B M 38460 03/26/2014 03/26/2014 كتاب

Powered By

EGPV